00371 2200157 4500001002100000005001500021035002000036245005500056100002400111250000600135300001200141260002600153082000800179084001400187990001200201INLIS00000000000254220250604122416 a0010-06250001281 aPribumisasi Islam /cDr. Asep Saeful Muhtadi, M.A.0 aAsep Saeful Muhtadi a1 a188 hlm bPustakan Setia,c2005 a200 a200 ASE p a0712325